| 000 | 00609cam a22002171 4500 | ||
|---|---|---|---|
| 001 | sa 65005313 | ||
| 003 | DLC | ||
| 005 | 20260227112137.0 | ||
| 008 | 860912s1964 bg ac f000 0 eng | ||
| 010 | _asa 65005313 | ||
| 025 | _aPL480:EP-E-278 | ||
| 035 | _a(OCoLC)14210817 | ||
| 040 |
_aDLC _cWaU _dWaU _dDLC |
||
| 043 | _aa-bg--- | ||
| 050 | 0 | 0 |
_aHC440.5.Z7 _bE23 |
| 110 | 1 |
_aEast Pakistan (Pakistan). _bInformation Department. |
|
| 245 | 1 | 0 | _aEast Pakistan, on road to properity. |
| 260 |
_a[Dacca?] _c1964. |
||
| 300 |
_a107 p. _billus., ports. _c25 cm. |
||
| 651 | 0 |
_aBangladesh _xEconomic conditions. |
|
| 999 |
_c64236 _d64236 |
||